000 00292nam a22001337a 4500
003 SGT
082 _a612
_bC14J
100 _aJAIN,A.K
245 _aCONCISE PHYSIOLOGY FOR UNDERGRADUATES
260 _aDELHI
_bAVICHAL PUB
_c2014
300 _a653+62
650 _aPHYSIOLOGY
942 _2ddc
_cBK
_07
999 _c8506
_d8506